000 00750nam a22002537a 4500
003 MX-MxINE
005 20260601193904.0
008 260508b |||||||| |||| 00| 0 eng d
040 _aICI
_bspa
_cICI
_erda
041 _aeng
050 _aNK1390
_b.S46 2001
245 _aShared Vision, Networking and the Process.
264 _aIndustrial Designers' Declaration
_bseoul
_c2001
300 _a48 Páginas
336 _2rdacontent
_atexto
337 _2rdamedia
_asin medio
338 _2rdacarrier
_avolumen
650 _aDiseño industrial.
_xAspectos sociales.
650 _aNetworking (Management).
_934295
650 _2Organizational behavior.
650 _2Collaboration.
650 _2Leadership in organizations.
942 _2lcc
_cB
_n1
999 _c22344
_d22344